Spanish Islam (Record no. 234998)

MARC details
000 -LEADER
fixed length control field 00725nam a2200241Ia 4500
003 - CONTROL NUMBER IDENTIFIER
control field OSt
005 - DATE AND TIME OF LATEST TRANSACTION
control field 20220918204231.0
008 - FIXED-LENGTH DATA ELEMENTS--GENERAL INFORMATION
fixed length control field 220917b |||||||| |||| 00| 0 eng d
037 ## - SOURCE OF ACQUISITION
Terms of availability Textual
040 ## - CATALOGING SOURCE
Original cataloging agency ARTS
Transcribing agency ARTS
Language of cataloging eng
041 ## - LANGUAGE CODE
Source of code eng
Language code of text/sound track or separate title eng
100 ## - MAIN ENTRY--PERSONAL NAME
Personal name Dozy Reinhart
9 (RLIN) 111213
245 #0 - TITLE STATEMENT
Title Spanish Islam
Remainder of title A history of the Moslems in Spainsh translated with as bibliographical note by Francis Griffin Stokes
260 ## - PUBLICATION, DISTRIBUTION, ETC.
Place of publication, distribution, etc. Karachi
Name of publisher, distributor, etc. Karimsons
Date of publication, distribution, etc. 1976
300 ## - PHYSICAL DESCRIPTION
Extent xxxxvi, 769p.
Dimensions cm.
650 ## - SUBJECT ADDED ENTRY--TOPICAL TERM
Topical term or geographic name entry element HISTORY
942 ## - ADDED ENTRY ELEMENTS (KOHA)
Classification part V541:1:E9, E3;L6
Koha item type Textual
Source of classification or shelving scheme Colon Classification (CC)
Holdings
Withdrawn status Lost status Damaged status Not for loan Home library Current library Date acquired Total Checkouts Full call number Barcode Date last seen Price effective from Koha item type
        Arts Library Arts Library 2022-09-18   V541:1:E9 E3;L6 AL0596742 2022-09-18 2022-09-18 Textual
Copyright @ Delhi University Library System